000 00301nam a22001337a 4500
008 170929b xxu||||| |||| 00| 0 eng d
020 _a039396471-X
041 _aeng
080 _24TH
_a37
100 _a47
101 _aEDU
245 _aWRITING A COLLEGE HANDBOOK
_cHEFFERNAN,J,A
942 _2udc
_cBK
999 _c30833
_d30833